| 000 | 00466nam a2200157 i 4500 | ||
|---|---|---|---|
| 001 | 108430 | ||
| 003 | ES-MaACL | ||
| 005 | 20230906184636.0 | ||
| 007 | t| | ||
| 008 | 061121s1947 ag r ||||1| spa d | ||
| 100 | 1 |
_aMondolfo, Rodolfo. _982147 |
|
| 245 | 1 | 0 |
_aTres filósofos del Renacimiento _b: ( Bruno, Galileo, Campanella) / _cRodolfo Mondolfo. |
| 260 |
_aBuenos Aires : _bLosada, _c1947. |
||
| 300 |
_a183 p. ; _c20 cm. |
||
| 852 |
_aES-MaACL _jB-7815 _bR.29404 |
||
| 999 |
_c108430 _d108430 |
||